| 000 | 01412nam0a22003371 4500 | ||
|---|---|---|---|
| 001 | rc\4673777 | ||
| 005 | 20190423172050.0 | ||
| 021 |
_aRU _b[68-48426] |
||
| 035 | _a(NLR Aleph) 008703839 | ||
| 090 |
_a9315557 _c9315557 |
||
| 100 | _a20130416d1968 |||y0rusy50 ca | ||
| 101 | 0 | _arus | |
| 102 | _aRU | ||
| 105 | _aa z ||||| | ||
| 200 | 1 |
_aПовышение прочности и износостойкости твердосплавного инструмента _fПод ред. канд. техн. наук С.П. Шабашова |
|
| 205 | _a2-е изд., перераб. и доп. | ||
| 210 |
_aМосква _cМашиностроение _d1968 |
||
| 215 |
_a140 с. _cил. _d21 |
||
| 300 | _aПеред загл. авт.: Л.Г. Куклин, В.И. Сагалов, В.Б. Серебровский и С.П. Шабашов | ||
| 320 | _aБиблиогр.: с. 137-139 (49 назв.) | ||
| 606 |
_aРежущие инструменты из твердых сплавов _xИзносоустойчивость _2psbo |
||
| 701 | 1 |
_aСагалов _bВ. И. |
|
| 701 | 1 |
_aСеребровский _bВ. Б. |
|
| 701 | 1 |
_aШабашов _bС. П. _gСемен Павлович _4340 |
|
| 701 | 1 |
_aКуклин _bЛ. Г. _gЛеонид Григорьевич |
|
| 801 | 0 |
_aRU _bNLR _gpsbo |
|
| 801 | 1 |
_aRU _bELAR _2rusmarc |
|
| 852 |
_aNLR _j68-5/3085 |
||
| 942 | _cBOOK | ||
| 980 | _aNB | ||